UBT Library

RECOMBIANT DNA (Record no. 60488)

000 -LEADER
fixed length control field 00310nam a22001457a 4500
008 - FIXED-LENGTH DATA ELEMENTS--GENERAL INFORMATION
fixed length control field 231102b ||||| |||| 00| 0 eng d
020 ## - INTERNATIONAL STANDARD BOOK NUMBER
International Standard Book Number 0716700921
041 ## - LANGUAGE CODE
Language code of text/sound track or separate title eng
080 ## - UNIVERSAL DECIMAL CLASSIFICATION NUMBER
Universal Decimal Classification number 575
082 ## - DEWEY DECIMAL CLASSIFICATION NUMBER
Classification number 575FRE
100 ## - Rafti
Rafti 13
101 ## - Shkurtesa
Shkurtesa BIOKIMI
245 ## - TITLE STATEMENT
Title RECOMBIANT DNA
Statement of responsibility, etc FREIFELDER.D
942 ## - ADDED ENTRY ELEMENTS (KOHA)
Source of classification or shelving scheme
Item type Books
Holdings
Withdrawn status Lost status Source of classification or shelving scheme Damaged status Not for loan Collection code Permanent location Current location Date acquired Total Checkouts Full call number Barcode Date last seen Price effective from Koha item type
          Koleksioni i përgjithshem UBT - Lipjan UBT - Lipjan 11/02/2023   575FRE 002-800070532 11/02/2023 11/02/2023 Books
          Koleksioni i përgjithshem UBT - Lipjan UBT - Lipjan 11/02/2023   575TAI 002-800070533 11/02/2023 11/02/2023 Books
UBT Library © 2015-2024. All rights reserved University Education for Business and Technology